| 000 | 00706nam a22001457a 4500 | ||
|---|---|---|---|
| 999 |
_c517522 _d517522 |
||
| 008 | 210716b ||||| |||| 00| 0 eng d | ||
| 100 |
_ajagat, Suresh Kumar _926742 |
||
| 245 | _aAnalysis of stakeholder’s approach and view for the successful implementation of mild-day meal schme in rural areas of Dakshin Dinajpur district of West Bengal | ||
| 260 | _aThe Administrator: Journal of LBSNAA | ||
| 300 | _a 60(3), Dec, 2020: p.134-190 | ||
| 650 |
_aNational Programme for Nutritional Support to Primary Education, School children - Food, School children - Food - Government policy _926743 |
||
| 773 | _aThe Administrator: Journal of LBSNAA | ||
| 906 | _aSCHOOL CHILDREN - FOOD - INDIA | ||
| 942 | _cAR | ||